[Event "Hamburg-chT Landesliga 1920"]
[Site "Hamburg"]
[Date "2020.01.19"]
[Round "5.3"]
[White "Foerster, Andreas"]
[Black "Perez de Miguel, Alvaro"]
[Result "1/2-1/2"]
[WhiteElo "2190"]
[BlackElo "2290"]
[PlyCount "63"]
[EventDate "2019.09.29"]
[EventType "team-tourn"]
[EventRounds "9"]
[EventCountry "GER"]
[SourceTitle "EXT 2021"]
[Source "ChessBase"]
[SourceDate "2020.10.23"]
[SourceVersion "1"]
[SourceVersionDate "2020.10.23"]
[SourceQuality "1"]

1. d4 Nf6 2. c4 e6 3. Nc3 d5 4. Bf4 dxc4 5. Qa4+ c6 6. Qxc4 b5 7. Qd3 Bb7 8. Nf3 Nbd7 9. g3 a6 10. Bg2 c5 11. 0-0 Qb6 12. Be3 Be7 13. a4 b4 14. a5 Qc7 15. Bf4 c4 16. Qc2 Qc8 17. Nb1 Nd5 18. Bg5 b3 19. Qc1 f6 20. Bd2 Qc6 21. Qe1 0-0 22. e4 Nc7 23. Bb4 Bxb4 24. Qxb4 Qb5 25. Qe1 Rac8 26. Na3 Qa4 27. Nc2 Qb5 28. Na3 Qa4 29. Qe2 Ne8 30. Bh3 f5 31. exf5 exf5 32. Bg2 1/2-1/2

[Event "Hamburg-chT Landesliga 1920"]
[Site "Hamburg"]
[Date "2019.12.08"]
[Round "4.19"]
[White "Goepfert, Jakob"]
[Black "Foerster, Andreas"]
[Result "0-1"]
[WhiteElo "2123"]
[BlackElo "2190"]
[PlyCount "60"]
[EventDate "2019.09.29"]
[EventType "team-tourn"]
[EventRounds "9"]
[EventCountry "GER"]
[SourceTitle "EXT 2021"]
[Source "ChessBase"]
[SourceDate "2020.10.23"]
[SourceVersion "1"]
[SourceVersionDate "2020.10.23"]
[SourceQuality "1"]

1. d4 c5 2. dxc5 e6 3. Nd2 Nf6 4. Nb3 a5 5. a4 Na6 6. Qd4 Nb4 7. Kd1 Nc6 8. Qh4 Be7 9. Bd2 b6 10. cxb6 d5 11. Be1 Ne4 12. Qf4 Qxb6 13. e3 e5 14. Qf3 h5 15. h3 Be6 16. Bb5 0-0 17. Qxh5 d4 18. Nd2 Nf6 19. Qf3 Na7 20. Nc4 Bxc4 21. Bxc4 Qxb2 22. Rc1 Ba3 23. Ne2 Qb6 24. Ra1 Qb2 25. Rc1 e4 26. Qf5 Rac8 27. Ba6 d3 28. Bd2 Rc5 29. Qf4 dxe2+ 30. Kxe2 Qb6 0-1

[Event "Hamburg-ch MA"]
[Site "Hamburg"]
[Date "2017.06.10"]
[Round "8"]
[White "Pfreundt, Jakob"]
[Black "Foerster, Andreas"]
[Result "1/2-1/2"]
[WhiteElo "2388"]
[BlackElo "2200"]
[PlyCount "162"]
[EventDate "2017.06.03"]
[EventType "swiss"]
[EventRounds "9"]
[EventCountry "GER"]
[SourceTitle "CBM 179 Extra"]
[Source "ChessBase"]
[SourceDate "2017.08.23"]
[SourceVersion "1"]
[SourceVersionDate "2017.08.23"]
[SourceQuality "1"]

1. e4 c5 2. Nf3 d6 3. Bc4 Nf6 4. d3 e6 5. 0-0 Be7 6. c3 0-0 7. Bb3 Nc6 8. Re1 d5 9. Bf4 Na5 10. Bc2 dxe4 11. dxe4 Qxd1 12. Rxd1 b6 13. Ne5 Bb7 14. f3 Rfd8 15. Na3 Ba6 16. Ba4 Nh5 17. Be3 Bd6 18. Nc6 Nxc6 19. Bxc6 Rac8 20. Bb5 Bxb5 21. Nxb5 Bb8 22. a4 a6 23. Na3 Ba7 24. e5 g6 25. Nc4 Rd5 26. Rxd5 exd5 27. Nd6 Rd8 28. Rd1 f6 29. Rxd5 fxe5 30. Nf5 Rxd5 31. Ne7+ Kf7 32. Nxd5 Nf6 33. Nc7 a5 34. Bg5 Bb8 35. Nb5 Nd7 36. Na3 Bd6 37. Nc4 Be7 38. Be3 Ke6 39. Nd2 Kd5 40. c4+ Ke6 41. Ne4 Bd8 42. Kf2 Be7 43. Ke2 Bd8 44. Kd3 Be7 45. b3 Bd8 46. Nc3 Nb8 47. Ke4 Nd7 48. Nd5 Nf6+ 49. Nxf6 Bxf6 50. f4 h5 51. g3 Bd8 52. fxe5 g5 53. h3 Be7 54. Bd2 Bd8 55. Kf3 Be7 56. Be1 Bd8 57. Ke4 Be7 58. Bc3 Bd8 59. Bb2 Bc7 60. Ba3 Bd8 61. Bc1 Be7 62. Be3 Bd8 63. Bf2 Be7 64. h4 gxh4 65. gxh4 Bd8 66. Bg3 Be7 67. Ke3 Bd8 68. Kf3 Bc7 69. Bf4 Bd8 70. Kg3 Kf5 71. e6 Kxe6 72. Kf3 Bxh4 73. Bc7 Be1 74. Bxb6 Bb4 75. Bc7 Kf5 76. Bg3 Bc3 77. Bf2 Bb4 78. Bh4 Bc3 79. Bd8 Bb4 80. Bh4 Bc3 81. Bf2 Bb4 1/2-1/2

[Event "Hamburg-ch MA"]
[Site "Hamburg"]
[Date "2017.06.08"]
[Round "6"]
[White "Lam, Daniel"]
[Black "Foerster, Andreas"]
[Result "0-1"]
[WhiteElo "1856"]
[BlackElo "2200"]
[PlyCount "110"]
[EventDate "2017.06.03"]
[EventType "swiss"]
[EventRounds "9"]
[EventCountry "GER"]
[SourceTitle "CBM 179 Extra"]
[Source "ChessBase"]
[SourceDate "2017.08.23"]
[SourceVersion "1"]
[SourceVersionDate "2017.08.23"]
[SourceQuality "1"]

1. e4 c5 2. Nf3 d6 3. Bb5+ Bd7 4. Bxd7+ Nxd7 5. c4 g6 6. d4 cxd4 7. Nxd4 Qa5+ 8. Bd2 Qe5 9. Qe2 Qxd4 10. Bc3 Qc5 11. Bxh8 f6 12. h4 Nh6 13. 0-0 Nf7 14. Bxf6 Nxf6 15. Nc3 Qh5 16. Qxh5 Nxh5 17. Nb5 Kd7 18. Rad1 Bg7 19. b3 Nf4 20. Rfe1 Ne5 21. Kf1 a6 22. Nc3 Nfd3 23. Re3 Nb4 24. Re2 Nec6 25. Nb1 Nd4 26. Red2 Nbc6 27. Rd3 b5 28. Nc3 Rf8 29. Ne2 Nxe2 30. Kxe2 Nb4 31. Rf3 Rxf3 32. Kxf3 Nxa2 33. h5 b4 34. hxg6 hxg6 35. Kg4 Ke6 36. Kg5 Kf7 37. f4 Nc3 38. Re1 a5 39. e5 dxe5 40. fxe5 Ke6 41. Kxg6 Bxe5 42. g4 a4 43. bxa4 Nxa4 44. Kh6 b3 45. g5 b2 46. g6 Kf5 47. g7 Bxg7+ 48. Kxg7 e5 49. Rb1 e4 50. c5 Ke5 51. Kg6 e3 52. Re1 Ke4 53. c6 Kd3 54. Kf5 Kd2 55. Rb1 Kc2 0-1

[Event "Hamburg-ch MA"]
[Site "Hamburg"]
[Date "2017.06.06"]
[Round "4"]
[White "Schroeder, Christoph"]
[Black "Foerster, Andreas"]
[Result "1/2-1/2"]
[WhiteElo "2182"]
[BlackElo "2200"]
[PlyCount "52"]
[EventDate "2017.06.03"]
[EventType "swiss"]
[EventRounds "9"]
[EventCountry "GER"]
[SourceTitle "CBM 179 Extra"]
[Source "ChessBase"]
[SourceDate "2017.08.23"]
[SourceVersion "1"]
[SourceVersionDate "2017.08.23"]
[SourceQuality "1"]

1. e4 c5 2. Nf3 d6 3. d4 cxd4 4. Nxd4 Nf6 5. Nc3 a6 6. Be3 e6 7. f3 h5 8. Qd2 Qc7 9. Be2 b5 10. 0-0 Nbd7 11. Rfd1 Bb7 12. Ncxb5 axb5 13. Nxb5 Qc6 14. Nxd6+ Bxd6 15. Qxd6 Qxd6 16. Rxd6 Ke7 17. Rd2 Bc6 18. c4 Rhb8 19. Bd1 Ba4 20. Be2 Bb3 21. a3 Ra5 22. Bd4 e5 23. Bc3 Ra7 24. Rc1 Rc8 25. Bb4+ Nc5 26. Rc3 Ba4 1/2-1/2

[Event "Hamburg-ch MA"]
[Site "Hamburg"]
[Date "2017.06.03"]
[Round "1"]
[White "Foerster, Andreas"]
[Black "Scheele, Marcus"]
[Result "1-0"]
[WhiteElo "2200"]
[BlackElo "1979"]
[PlyCount "53"]
[EventDate "2017.06.03"]
[EventType "swiss"]
[EventRounds "9"]
[EventCountry "GER"]
[SourceTitle "CBM 179 Extra"]
[Source "ChessBase"]
[SourceDate "2017.08.23"]
[SourceVersion "1"]
[SourceVersionDate "2017.08.23"]
[SourceQuality "1"]

1. d4 d5 2. c4 c6 3. Nc3 Nf6 4. Nf3 e6 5. e3 Nbd7 6. Bd3 dxc4 7. Bxc4 b5 8. Bb3 Bb7 9. 0-0 a6 10. Qe2 Bd6 11. e4 e5 12. Rd1 Qb8 13. dxe5 Nxe5 14. Nxe5 Bxe5 15. f4 Bxc3 16. bxc3 0-0 17. c4 c5 18. Bc2 Nxe4 19. Bxe4 Re8 20. Bxh7+ Kxh7 21. Qh5+ Kg8 22. Rd7 Rf8 23. Qg5 Be4 24. Bb2 Bg6 25. f5 bxc4 26. Bc3 Qe8 27. Rad1 1-0

[Event "Hamburg CC Easter op 3rd"]
[Site "Hamburg"]
[Date "2017.04.16"]
[Round "5"]
[White "Holinka, Henning"]
[Black "Foerster, Andreas"]
[Result "1/2-1/2"]
[WhiteElo "2107"]
[BlackElo "2206"]
[PlyCount "84"]
[EventDate "2017.04.14"]
[EventType "swiss"]
[EventRounds "7"]
[EventCountry "GER"]
[SourceTitle "CBM 177 Extra"]
[Source "ChessBase"]
[SourceDate "2017.04.27"]
[SourceVersion "1"]
[SourceVersionDate "2017.04.27"]
[SourceQuality "1"]

1. e4 c5 2. Nf3 d6 3. d4 cxd4 4. Nxd4 Nf6 5. Nc3 e6 6. Bg5 a6 7. f4 Nbd7 8. Bc4 Qc7 9. Qe2 e5 10. Nf5 Nb6 11. Bb3 Bxf5 12. exf5 Be7 13. 0-0-0 0-0 14. Rhe1 Rae8 15. fxe5 dxe5 16. Qxe5 Bd6 17. Qd4 Be5 18. Rxe5 Rxe5 19. Bf4 Nbd7 20. Bxe5 Nxe5 21. Nd5 Nxd5 22. Qxd5 Ng4 23. Qd7 Qb6 24. Re1 Nf6 25. Qe7 h5 26. Qe3 Qa5 27. Qe5 b5 28. c3 Qb6 29. Qf4 Qc5 30. h3 a5 31. g4 a4 32. Bc2 a3 33. g5 axb2+ 34. Kxb2 Nd5 35. Qd4 Qxd4 36. cxd4 Rd8 37. Re4 Kf8 38. Bb3 Ne7 39. f6 gxf6 40. gxf6 Ng8 41. Rf4 Rd6 42. Rf5 Nxf6 1/2-1/2

[Event "Hamburg-chT Landesliga 1516"]
[Site "Hamburg"]
[Date "2016.04.24"]
[Round "9.2"]
[White "Hein, Ralf"]
[Black "Foerster, Andreas"]
[Result "1-0"]
[WhiteElo "1992"]
[BlackElo "2086"]
[PlyCount "65"]
[EventDate "2015.09.20"]
[EventType "team-tourn"]
[EventRounds "9"]
[EventCountry "GER"]
[SourceTitle "EXT 2022"]
[Source "ChessBase"]
[SourceDate "2021.10.06"]
[SourceVersion "1"]
[SourceVersionDate "2021.10.06"]
[SourceQuality "1"]
[WhiteTeam "Hamburg Diogenes II"]
[BlackTeam "Eimsbuettel Union"]
[WhiteTeamCountry "GER"]
[BlackTeamCountry "GER"]

1. c4 c5 2. Nc3 g6 3. g3 Bg7 4. Bg2 Nc6 5. d3 e5 6. e4 Nge7 7. Nge2 0-0 8. Be3 d6 9. Qd2 Nd4 10. 0-0 Rb8 11. Bh6 Nxe2+ 12. Nxe2 b5 13. Bxg7 Kxg7 14. f4 f6 15. Rf2 Be6 16. b3 b4 17. h3 a5 18. g4 a4 19. Ng3 Nc6 20. f5 Bd7 21. g5 fxg5 22. Raf1 axb3 23. axb3 Nd4 24. fxg6 Rf4 25. Nh5+ Kxg6 26. Nxf4+ gxf4 27. Kh1 Kf7 28. Rxf4+ exf4 29. Qxf4+ Kg7 30. Qg3+ Kh8 31. Qxd6 Qe8 32. Qf6+ Kg8 33. e5 1-0

[Event "Hamburg-chT Landesliga 1415"]
[Site "Hamburg"]
[Date "2015.04.19"]
[Round "9.3"]
[White "Foerster, Andreas"]
[Black "Schuettler, Thomas"]
[Result "1-0"]
[WhiteElo "2094"]
[BlackElo "1862"]
[PlyCount "84"]
[EventDate "2014.09.21"]
[EventType "team-tourn"]
[EventRounds "9"]
[EventCountry "GER"]
[SourceTitle "EXT 2022"]
[Source "ChessBase"]
[SourceDate "2021.10.06"]
[SourceVersion "1"]
[SourceVersionDate "2021.10.06"]
[SourceQuality "1"]
[WhiteTeam "Eimsbuettel Union"]
[BlackTeam "St Pauli III"]
[WhiteTeamCountry "GER"]
[BlackTeamCountry "GER"]

1. d4 d5 2. c4 c6 3. Nf3 e6 4. e3 Nf6 5. b3 Nbd7 6. Bd3 Ne4 7. 0-0 f5 8. Ba3 Bxa3 9. Nxa3 Qf6 10. b4 a6 11. Rc1 0-0 12. Nb1 g5 13. Bxe4 fxe4 14. Nfd2 Qh6 15. Nc3 Nf6 16. Qe2 g4 17. a4 Bd7 18. Ra1 Rae8 19. Nb3 Re7 20. Rfe1 Rg7 21. b5 g3 22. fxg3 Ng4 23. h3 Nxe3 24. g4 Nxc4 25. bxa6 bxa6 26. Nxe4 Qf4 27. Nec5 Re8 28. Rf1 Qd6 29. Rf6 Qe7 30. Nxd7 Qxd7 31. Nc5 Qd8 32. Rxe6 Rge7 33. Rxe7 Rxe7 34. Qf2 Qe8 35. Rb1 Re2 36. Qf6 Qe3+ 37. Kh2 Nb2 38. Rxb2 Rxb2 39. Ne6 Rxg2+ 40. Kxg2 Qe2+ 41. Kg3 Qe1+ 42. Kf4 Qf2+ 1-0

[Event "Hamburg-ch MA"]
[Site "Hamburg"]
[Date "2010.05.29"]
[Round "8.5"]
[White "Goepfert, Jakob"]
[Black "Foerster, Andreas"]
[Result "0-1"]
[WhiteElo "1953"]
[BlackElo "2100"]
[PlyCount "36"]
[EventDate "2010.05.22"]
[EventType "swiss"]
[EventRounds "9"]
[EventCountry "GER"]
[SourceTitle "EXT 2011"]
[Source "ChessBase"]
[SourceDate "2010.11.26"]
[SourceVersion "1"]
[SourceVersionDate "2010.11.26"]
[SourceQuality "1"]

1. d4 Nf6 2. Nc3 d5 3. Nf3 Bg4 4. Ne5 Bh5 5. Bf4 e6 6. Qd3 c6 7. f3 Nbd7 8. 0-0-0 Bb4 9. h4 Nxe5 10. dxe5 Nd7 11. e4 h6 12. exd5 cxd5 13. Qe3 Qa5 14. Nb1 Qxa2 15. Bd3 Rc8 16. g4 Nc5 17. Nc3 Nb3+ 18. cxb3 Rxc3+ 0-1

[Event "Hamburg-ch int 12th"]
[Site "Hamburg"]
[Date "2009.06.05"]
[Round "8"]
[White "Hebbinghaus, Holger"]
[Black "Foerster, Andreas"]
[Result "1-0"]
[WhiteElo "2298"]
[BlackElo "2214"]
[PlyCount "64"]
[EventDate "2009.05.30"]
[EventType "swiss"]
[EventRounds "9"]
[EventCountry "GER"]
[SourceTitle "CBM 130 Extra"]
[Source "ChessBase"]
[SourceDate "2009.07.02"]
[SourceVersion "2"]
[SourceVersionDate "2009.07.15"]
[SourceQuality "1"]

1. e4 c5 2. Nf3 Nc6 3. d4 cxd4 4. Nxd4 Nf6 5. Nc3 e6 6. Ndb5 Bb4 7. a3 Bxc3+ 8. Nxc3 d5 9. exd5 exd5 10. Bd3 d4 11. Ne2 Bf5 12. Bxf5 Qa5+ 13. c3 dxc3 14. 0-0 Qxf5 15. Ng3 Qd5 16. Re1+ Kf8 17. Qc2 Qc4 18. bxc3 h6 19. Nf5 Rd8 20. Bb2 Nd4 21. Rad1 Nc6 22. Nd6 Qg4 23. c4 Ne8 24. h3 Qf4 25. Rxe8+ Rxe8 26. Nxe8 Kxe8 27. Bxg7 Rg8 28. Qd3 Rxg7 29. Qd7+ Kf8 30. Qc8+ Ke7 31. Qxb7+ Kf8 32. Qc8+ Ke7 1-0

[Event "Hamburg-ch int 12th"]
[Site "Hamburg"]
[Date "2009.06.02"]
[Round "4"]
[White "Foerster, Andreas"]
[Black "Ritscher, Jan Paul"]
[Result "0-1"]
[WhiteElo "2214"]
[BlackElo "2295"]
[PlyCount "36"]
[EventDate "2009.05.30"]
[EventType "swiss"]
[EventRounds "9"]
[EventCountry "GER"]
[SourceTitle "CBM 130 Extra"]
[Source "ChessBase"]
[SourceDate "2009.07.02"]
[SourceVersion "2"]
[SourceVersionDate "2009.07.15"]
[SourceQuality "1"]

1. d4 f5 2. c4 e6 3. e3 Nf6 4. Bd3 d5 5. Nc3 c6 6. Nge2 Bd6 7. Qc2 Ne4 8. g3 0-0 9. Bd2 Qe7 10. c5 Bc7 11. f4 b6 12. Bxe4 fxe4 13. b4 Ba6 14. cxb6 axb6 15. b5 cxb5 16. Qb3 Qd7 17. 0-0 Nc6 18. Nxb5 Na5 0-1

[Event "Hamburg HSK Elo 6th"]
[Site "Hamburg"]
[Date "2009.05.02"]
[Round "5"]
[White "Foerster, Andreas"]
[Black "Guennigmann, Manuel"]
[Result "0-1"]
[WhiteElo "2214"]
[BlackElo "2133"]
[PlyCount "86"]
[EventDate "2009.04.30"]
[EventType "swiss"]
[EventRounds "7"]
[EventCountry "GER"]
[SourceTitle "EXT 2022"]
[Source "ChessBase"]
[SourceDate "2021.10.06"]
[SourceVersion "1"]
[SourceVersionDate "2021.10.06"]
[SourceQuality "1"]

1. d4 Nf6 2. c4 g6 3. Nc3 d5 4. Bg5 Ne4 5. Bh4 Nxc3 6. bxc3 dxc4 7. Qa4+ Qd7 8. Qxc4 b6 9. Bg3 Ba6 10. Qxc7 Qxc7 11. Bxc7 Nd7 12. Bg3 Rc8 13. Rc1 Bg7 14. e3 Bxf1 15. Kxf1 b5 16. Nf3 0-0 17. Ke2 Rc6 18. Rc2 Rfc8 19. Rb1 a6 20. Kd3 Nb6 21. Nd2 Nd5 22. c4 a5 23. a3 b4 24. e4 Nc3 25. Rb3 Rd8 26. Nf3 Na4 27. axb4 axb4 28. Rxb4 Nc5+ 29. Ke3 Bh6+ 30. Bf4 Bxf4+ 31. Kxf4 Nd3+ 32. Ke3 Nxb4 33. Rc3 f5 34. Ne5 Rcd6 35. Nf3 fxe4 36. Kxe4 Re6+ 37. Kf4 Rf8+ 38. Kg3 Re4 39. c5 Nd5 40. Rc4 Rc8 41. Rc2 Nb4 42. Rd2 Rd8 43. Rd1 e6 0-1

[Event "Hamburg-ch int 11th"]
[Site "Hamburg"]
[Date "2008.05.17"]
[Round "9"]
[White "Foerster, Andreas"]
[Black "Maahs, Erich"]
[Result "1-0"]
[WhiteElo "2232"]
[BlackElo "2163"]
[PlyCount "93"]
[EventDate "2008.05.10"]
[EventType "swiss"]
[EventRounds "9"]
[EventCountry "GER"]
[SourceTitle "CBM 124 Extra"]
[Source "ChessBase"]
[SourceDate "2008.07.03"]
[SourceVersion "1"]
[SourceVersionDate "2008.07.03"]
[SourceQuality "1"]

1. d4 d5 2. c4 Nc6 3. e3 e5 4. dxe5 d4 5. a3 a5 6. Nf3 Bc5 7. exd4 Bxd4 8. Be2 Bxe5 9. Qxd8+ Kxd8 10. Nxe5 Nxe5 11. 0-0 Be6 12. f4 Nc6 13. Rd1+ Kc8 14. Nc3 Nge7 15. Be3 h5 16. b3 g6 17. h3 Nf5 18. Bf2 h4 19. Ne4 Nb8 20. b4 Rd8 21. b5 Nd7 22. Rac1 Nb6 23. Rxd8+ Kxd8 24. Nc5 Kc8 25. Bd3 Ng3 26. Bxg3 hxg3 27. Nxe6 fxe6 28. Bxg6 Kd7 29. f5 exf5 30. Bxf5+ Ke7 31. Be4 Rb8 32. Rc3 Ke6 33. Rxg3 Nxc4 34. Rc3 Nd6 35. Bd3 Kd7 36. g4 Re8 37. Kf2 Ne4+ 38. Bxe4 Rxe4 39. Rd3+ Kc8 40. Kf3 Re1 41. h4 Rb1 42. g5 Rxb5 43. g6 Rb1 44. Kg4 Re1 45. g7 Re8 46. Rf3 Rg8 47. Rf8+ 1-0

[Event "Hamburg-ch int 11th"]
[Site "Hamburg"]
[Date "2008.05.14"]
[Round "5"]
[White "Weiss, Siegfried"]
[Black "Foerster, Andreas"]
[Result "0-1"]
[WhiteElo "2048"]
[BlackElo "2232"]
[PlyCount "92"]
[EventDate "2008.05.10"]
[EventType "swiss"]
[EventRounds "9"]
[EventCountry "GER"]
[SourceTitle "CBM 124 Extra"]
[Source "ChessBase"]
[SourceDate "2008.07.03"]
[SourceVersion "1"]
[SourceVersionDate "2008.07.03"]
[SourceQuality "1"]

1. e3 g6 2. f4 Bg7 3. Nf3 c5 4. d4 Nf6 5. Bd3 Nc6 6. c3 d6 7. 0-0 0-0 8. Bb5 Qb6 9. Na3 a6 10. Be2 Bg4 11. d5 Na7 12. h3 Bd7 13. c4 Qc7 14. Bd2 Ne4 15. Qc1 Qb6 16. Rb1 Ng3 17. Bd3 Nxf1 18. Qxf1 e6 19. g4 exd5 20. f5 Qd8 21. cxd5 b5 22. b3 gxf5 23. gxf5 Bh6 24. Nh2 Qg5+ 25. Kh1 f6 26. Ng4 Be8 27. Qg2 Bg7 28. Rg1 Kh8 29. e4 Qh5 30. e5 dxe5 31. Nxe5 Rg8 32. Ng4 Qf7 33. Be4 Rd8 34. Bf4 Nc8 35. d6 Qf8 36. Bd5 Bf7 37. Bxf7 Qxf7 38. Qd2 Qh5 39. Qd3 Qf7 40. Nc2 Nxd6 41. Rg2 c4 42. bxc4 Qxc4 43. Qxd6 Rxd6 44. Bxd6 Qf1+ 45. Kh2 Qxf5 46. Nce3 Qe6 0-1

[Event "Hamburg-ch int 11th"]
[Site "Hamburg"]
[Date "2008.05.12"]
[Round "3"]
[White "Zierke, Oliver"]
[Black "Foerster, Andreas"]
[Result "1/2-1/2"]
[WhiteElo "2313"]
[BlackElo "2232"]
[PlyCount "37"]
[EventDate "2008.05.10"]
[EventType "swiss"]
[EventRounds "9"]
[EventCountry "GER"]
[SourceTitle "CBM 124 Extra"]
[Source "ChessBase"]
[SourceDate "2008.07.03"]
[SourceVersion "1"]
[SourceVersionDate "2008.07.03"]
[SourceQuality "1"]

1. d4 Nf6 2. Nf3 g6 3. c4 c5 4. d5 b5 5. cxb5 a6 6. Nc3 d6 7. e4 Bg7 8. a4 0-0 9. Be2 axb5 10. Bxb5 Na6 11. 0-0 Nb4 12. h3 Ne8 13. Re1 Nc7 14. Bf1 Ba6 15. Bxa6 Rxa6 16. Ra3 Qb8 17. Re2 Qb7 18. Be3 Raa8 19. Rd2 1/2-1/2

[Event "Hamburger Liga Aufstieg"]
[Site "Hamburg"]
[Date "2007.08.18"]
[Round "2.3"]
[White "Ristic, Sreten"]
[Black "Foerster, Andreas"]
[Result "0-1"]
[WhiteElo "1937"]
[BlackElo "2199"]
[PlyCount "104"]
[EventDate "2007.08.13"]
[EventType "swiss"]
[EventRounds "7"]
[EventCountry "GER"]
[SourceTitle "EXT 2022"]
[Source "ChessBase"]
[SourceDate "2021.10.06"]
[SourceVersion "1"]
[SourceVersionDate "2021.10.06"]
[SourceQuality "1"]

1. e4 c5 2. Nf3 Nc6 3. d4 cxd4 4. Nxd4 Nf6 5. Nc3 e6 6. Be2 Bb4 7. 0-0 Bxc3 8. bxc3 Nxe4 9. Bd3 d5 10. Ba3 Qa5 11. Qc1 Nxc3 12. Nb3 Qc7 13. Re1 f6 14. Qe3 e5 15. Qg3 d4 16. Bxh7 b6 17. Bg6+ Kd8 18. h4 Be6 19. Be4 Nxe4 20. Rxe4 Kc8 21. c3 Bf5 22. Ree1 d3 23. Nd2 Kb7 24. Qf3 Bg6 25. g3 Rad8 26. Rab1 Bf7 27. c4 g5 28. hxg5 fxg5 29. Rb5 Kc8 30. Re3 Nd4 31. Qa8+ Kd7 32. Rd5+ Bxd5 33. Qxd5+ Kc8 34. Qa8+ Qb8 35. Qe4 Qb7 36. Qxb7+ Kxb7 37. Rxe5 Rde8 38. Bd6 Rxe5 39. Bxe5 Rd8 40. Bf6 Ne2+ 41. Kg2 Rg8 42. Bb2 g4 43. Be5 Re8 44. Bf6 Kc6 45. Bb2 a6 46. f3 Nd4 47. fxg4 Re2+ 48. Kf1 Nc2 49. Nf3 Ne3+ 50. Kg1 Rxb2 51. Ne5+ Kc7 52. Nxd3 Rxa2 0-1

[Event "Bargteheide op 6th"]
[Site "Bargteheide"]
[Date "2003.05.31"]
[Round "5"]
[White "Foerster, Andreas"]
[Black "Mossafer, Golam Reza"]
[Result "1-0"]
[WhiteElo "2215"]
[BlackElo "1699"]
[PlyCount "38"]
[EventDate "2003.05.29"]
[EventType "swiss"]
[EventRounds "7"]
[EventCountry "GER"]
[SourceTitle "CBM 094 Extra"]
[Source "ChessBase"]
[SourceDate "2003.07.09"]
[SourceVersion "2"]
[SourceVersionDate "2003.07.09"]
[SourceQuality "1"]

1. d4 Nf6 2. c4 c5 3. d5 b5 4. cxb5 a6 5. bxa6 g6 6. Nc3 Bxa6 7. e4 Bxf1 8. Kxf1 d6 9. g3 Bg7 10. Kg2 0-0 11. Nf3 Nbd7 12. Re1 Ra6 13. e5 Ng4 14. e6 fxe6 15. h3 Nde5 16. Nxe5 Nxe5 17. f4 Nd7 18. Rxe6 Re8 19. Qe2 Nf8 1-0

[Event "Bargteheide op 6th"]
[Site "Bargteheide"]
[Date "2003.05.31"]
[Round "4"]
[White "Roggon, Jacob"]
[Black "Foerster, Andreas"]
[Result "1/2-1/2"]
[WhiteElo "2079"]
[BlackElo "2215"]
[PlyCount "101"]
[EventDate "2003.05.29"]
[EventType "swiss"]
[EventRounds "7"]
[EventCountry "GER"]
[SourceTitle "CBM 094 Extra"]
[Source "ChessBase"]
[SourceDate "2003.07.09"]
[SourceVersion "2"]
[SourceVersionDate "2003.07.09"]
[SourceQuality "1"]

1. d4 Nf6 2. Nf3 c5 3. c3 e6 4. Bf4 Nc6 5. e3 d5 6. Bd3 Be7 7. 0-0 Nh5 8. Bg3 Nxg3 9. fxg3 0-0 10. Nbd2 e5 11. Nxe5 Nxe5 12. dxe5 c4 13. Bc2 Qb6 14. Qf3 Qxb2 15. Rac1 Qb6 16. Kh1 Be6 17. Qe2 Ba3 18. Rcd1 Qa5 19. e4 Rac8 20. exd5 Bxd5 21. Ne4 Bxe4 22. Qxe4 g6 23. e6 fxe6 24. Qxe6+ Kh8 25. Rxf8+ Rxf8 26. Qxc4 Be7 27. Bb3 Qe5 28. Qd4 Qxd4 29. cxd4 Bd6 30. Kg1 Re8 31. Kf2 Kg7 32. Bd5 Re7 33. Rb1 b6 34. Rc1 Ba3 35. Rd1 Rc7 36. Bb3 b5 37. Ke2 a5 38. Kd3 a4 39. Bd5 Bd6 40. Rd2 b4 41. Rc2 Ra7 42. Kc4 b3 43. axb3 a3 44. Ra2 Rc7+ 45. Kb5 Rc1 46. b4 Rc3 47. Rd2 Rc1 48. Rd3 Rb1 49. Rxa3 Rxb4+ 50. Kc6 Be7 51. Rf3 1/2-1/2

[Event "Oberliga Nord N 9192"]
[Site "Germany"]
[Date "1992.??.??"]
[Round "?"]
[White "Tatenhorst, Volker"]
[Black "Foerster, Andreas"]
[Result "1-0"]
[WhiteElo "2230"]
[BlackElo "2215"]
[PlyCount "47"]
[EventDate "1991.10.??"]
[EventType "team"]
[EventRounds "11"]
[EventCountry "GER"]
[SourceTitle "EXT 1997"]
[Source "ChessBase"]
[SourceDate "1996.11.15"]
[SourceVersion "1"]
[SourceVersionDate "1996.11.15"]
[SourceQuality "1"]

1. d4 c5 2. d5 e5 3. e4 d6 4. Nc3 Be7 5. f4 Bf6 6. Nf3 Bg4 7. Bb5+ Nd7 8. f5 g6 9. 0-0 gxf5 10. exf5 Bxf5 11. Nh4 Bg6 12. Nxg6 hxg6 13. Qf3 Rh7 14. Ne4 Be7 15. Bg5 f6 16. Bxf6 Ngxf6 17. Nxf6+ Bxf6 18. Qxf6 Qxf6 19. Rxf6 0-0-0 20. Bxd7+ Kxd7 21. Raf1 Re7 22. Rxg6 e4 23. Rff6 Kc7 24. Re6 1-0

[Event "Hamburg-ch"]
[Site "Hamburg"]
[Date "1986.??.??"]
[Round "?"]
[White "Gruenberg, Rainer"]
[Black "Foerster, Andreas"]
[Result "1-0"]
[WhiteElo "2245"]
[BlackElo "2215"]
[PlyCount "61"]
[EventDate "1986.??.??"]
[EventType "swiss"]
[EventRounds "9"]
[EventCountry "GER"]
[SourceTitle "EXT 1997"]
[Source "ChessBase"]
[SourceDate "1996.11.15"]
[SourceVersion "1"]
[SourceVersionDate "1996.11.15"]
[SourceQuality "1"]

1. d4 c5 2. d5 e5 3. e4 d6 4. f4 exf4 5. Bxf4 Ne7 6. Bb5+ Bd7 7. Bxd7+ Nxd7 8. Bxd6 Qb6 9. Bg3 Qxb2 10. Nd2 Ng6 11. Ngf3 Be7 12. 0-0 0-0 13. Nc4 Qb5 14. Qd3 f6 15. Rab1 Qa6 16. d6 Bd8 17. Qd5+ Kh8 18. Rxb7 Nb6 19. Nxb6 axb6 20. Ng5 fxg5 21. Rxf8+ Nxf8 22. Qf7 Bf6 23. e5 Qxa2 24. Qxa2 Rxa2 25. Rb8 Kg8 26. exf6 Ra7 27. fxg7 Kxg7 28. Rxb6 Kf7 29. Rc6 Ke6 30. Rxc5 Nd7 31. Rxg5 1-0